| 000 | 00370nam a2200133Ia 4500 | ||
|---|---|---|---|
| 008 | 220217s9999||||xx |||||||||||||| ||und|| | ||
| 020 | _a81-7884-000-6 | ||
| 082 | _a004 PRA | ||
| 100 | _aPrakash, Dev | ||
| 245 | 0 | _aInformation technology question bank | |
| 260 |
_aCyber teck publications _bNew Delhi _c2002 |
||
| 300 | _b295 | ||
| 650 | _aEXAM BOOKS/GRE/CAT/GATE | ||
| 999 |
_c171353 _d171353 |
||